| 000 | 01317cam a2200313 a 4500 | ||
|---|---|---|---|
| 005 | 20140318094401.0 | ||
| 008 | 140317t2008 ck abdogr|||| 00| 0 spa d | ||
| 020 | _a9789589870105 | ||
| 041 | _aspa | ||
| 044 | _ack | ||
| 082 |
_a598.09861 _bC153a |
||
| 090 |
_aLB _b05422 |
||
| 110 | 2 |
_aCalidris _922250 |
|
| 245 | 1 | 0 |
_aAtlas de aves playeras y otras aves acuáticas en la Costa Caribe colombiana _cCalidris, Plan de Conservación para Aves Playeras en Colombia ; Carlos Ruiz Guerra, Richard Johnston-González, Luis Fernando Castillo-Cortés, Yanira Cifuentes-Sarmiento, Diana Eusse, Felipe A. Estela, editores |
| 260 | 3 |
_aCali _bCalidris _c2008 |
|
| 300 |
_a72 p. _bil., fot., mapas, tablas _c28 cm |
||
| 504 | _aIncluye bibliografía (páginas 62 - 67) | ||
| 650 | 4 |
_aAves _xCosteras _zColombia _922557 |
|
| 650 | 4 |
_aAves _xProtección _zColombia _922558 |
|
| 650 | 4 |
_aEcosistema _xÁrea de Estudio _zColombia _922559 |
|
| 700 | 1 |
_aRuiz Guerra, Carlos _eed _922254 |
|
| 700 | 1 |
_aJohnston-González, Richard _eed _922255 |
|
| 700 | 1 |
_aCastillo-Cortés, Luis Fernando _eed _922256 |
|
| 700 | 1 |
_aCifuentes-Sarmiento, Yanira _eed _922560 |
|
| 700 | 1 |
_aEusse, Diana _eed _95004 |
|
| 700 | 1 |
_aEstela, Felipe A. _eed _922258 |
|
| 710 | 2 |
_aPlan de Conservación para Aves Playeras en Colombia _922259 |
|
| 942 |
_cImpreso _2ddc |
||
| 999 |
_c6777 _d6777 |
||